01163nam a2200277 a 450000100060000000300090000600800410001502000180005604000280007404100080010208200170011011001000012724501950022725000110042226000320043330000160046549000160048150000270049761000580052465000540058265000570063665000500069365000510074365000370079465000540083125816CO-ViMGA141112s2004 ck r 000 u spa d a9789587583441 aCO-ViMGAbspacCO-ViMGA aSPA04a305.5633 C65 aComisión Nacional de Reparación y Reconciliación (Colombia). Grupo de Memoria Histórica10aLa tierra en disputa : bmemorias de despojo y resistencia campesina en la costa Caribe (1960 - 2010) / cComisión Nacional de Reparación y reconciliación. Grupo de Memoria Histórica a1a ed. aBogotá : bTaurus, c2011 a406 p., il. aPensamiento aIncluye bibliografía aASOCIACION NACIONAL DE USUARIOS CAMPESINOS (COLOMBIA)14aAGRICULTURA Y ESTADO - CARIBE (REGION, COLOMBIA) 14aDESPLAZAMIENTO FORZADO - COSTA ATLANTICA (COLOMBIA) 14aPARAMILITARISMO - COSTA ATLANTICA (COLOMBIA) 14aRESISTENCIA CIVIL - CARIBE (REGION, COLOMBIA) 14aTENENCIA DE LA TIERRA - COLOMBIA14aVIOLENCIA Política - CARIBE (REGION, COLOMBIA)